Joh. Heinr. Callenbergs Neue summarische Nachricht von einem Versuch, das arme jüdische Volck zur Erkäntniß und Annehmung der christlichen Wahrheit anzuleiten, und von einer auf das Heil der Muhammedaner gerichteten Bemühung ...

Saved in:  
Bibliographic Details
Main Author: Callenberg, Johann Heinrich 1694-1760 (Author)
Format: Print Book
Language:German
Subito Delivery Service: Order now.
Check availability: HBZ Gateway
WorldCat: WorldCat
Interlibrary Loan:Interlibrary Loan for the Fachinformationsdienste (Specialized Information Services in Germany)
Published: [S.l.] 1732
In:Year: 1732

MARC

LEADER 00000cam a22000002c 4500
001 1091731209
003 DE-627
005 20240523204146.0
007 tu
008 900925s1732 xx ||||| 00| ||ger c
024 7 |a VD18 11380403-001  |2 vd18 
035 |a (DE-627)1091731209 
035 |a (DE-576)021731209 
035 |a (DE-599)BSZ021731209 
035 |a (OCoLC)311355394 
040 |a DE-627  |b ger  |c DE-627  |e rakwb 
041 |a ger 
084 |a 1  |2 ssgn 
100 1 |0 (DE-588)104160055  |0 (DE-627)134598865  |0 (DE-576)160511755  |4 aut  |a Callenberg, Johann Heinrich  |d 1694-1760 
109 |a Kallenberg, Johann Heinrich 1694-1760  |a Callenberg, Jo. Henr. 1694-1760  |a Callenbergius, Ioannes Henricus 1694-1760  |a Callenberg, John Henry 1694-1760  |a Callenberg, Joannes Henricus 1694-1760  |a Callenberg, J. H. 1694-1760  |a Callenberg, Johann Heinrich 1694-1760  |a Callenberg, Joannes 1694-1760  |a Kallenberg, Johannes Heinrich 1694-1760  |a Callenberg, Io. Henr. 1694-1760  |a Callenberg, Johannes Henricus 1694-1760  |a Callenberg, Johann H. 1694-1760  |a Callenberg, Johannes H. 1694-1760  |a Callenberg, Joannes H. 1694-1760  |a Kallenberg, Johannes Henricus 1694-1760  |a Callenbergius, Johannes Henricus 1694-1760  |a Kallenberg, Johann Henricus 1694-1760  |a Callenberg, Johannes Heinrich 1694-1760  |a Callenberg, Ioannes Henricus 1694-1760  |a Callenbergius, Joannes Henricus 1694-1760  |a Callenbergius, Io. Henr. 1694-1760 
245 1 5 |a Joh. Heinr. Callenbergs Neue summarische Nachricht von einem Versuch, das arme jüdische Volck zur Erkäntniß und Annehmung der christlichen Wahrheit anzuleiten, und von einer auf das Heil der Muhammedaner gerichteten Bemühung ... 
246 3 0 |a Volk Erkenntnis Mohammedaner 
264 1 |a [S.l.]  |c 1732 
264 3 |a Halle  |b J. F. Krottendorff  |c 1732 
300 |a 80 S. 
336 |a Text  |b txt  |2 rdacontent 
337 |a ohne Hilfsmittel zu benutzen  |b n  |2 rdamedia 
338 |a Band  |b nc  |2 rdacarrier 
583 1 |a Archivierung/Langzeitarchivierung gewährleistet  |f SSG  |x XA-DE-BW  |2 pdager  |5 DE-21 
601 |a Nachricht 
601 |a Versuchung 
601 |a Wahrheit 
751 |a Halle (Saale)  |0 (DE-588)4023025-9  |0 (DE-627)104745673  |0 (DE-576)208947132  |4 pup 
912 |a vd18 
935 |a mteo 
951 |a BO 
ELC |b 1 
ITA |a 1  |t 1 
LOK |0 000 xxxxxcx a22 zn 4500 
LOK |0 001 2151468232 
LOK |0 003 DE-627 
LOK |0 004 1091731209 
LOK |0 005 20130413100633 
LOK |0 008 910321||||||||||||||||ger||||||| 
LOK |0 040   |a DE-21  |c DE-627  |d DE-21 
LOK |0 852   |a DE-21 
LOK |0 852 1  |c Gk X 54 a  |9 00 
LOK |0 935   |a abe1  |a theo 
LOK |0 939   |a 21-03-91  |b l01 
ORI |a SA-MARC-ixtheoa001.raw